A General analysis of Malaysian women's fertility trends : factors and demographic implications /
Saved in:
| Main Author: | |
|---|---|
| Format: | Thesis |
| Language: | English |
| Published: |
Gombak, Selangor Darul Ehsan :
Kulliyyah of Islamic Revealed Knowledge, International Islamic University Malaysia,
2005
|
| Subjects: | |
| Tags: |
Add Tag
No Tags, Be the first to tag this record!
|
| LEADER | 024340000a22004570004500 | ||
|---|---|---|---|
| 001 | 333617 | ||
| 005 | 20230419100056.0 | ||
| 008 | 051116t2005 my a g 000 0 eng d | ||
| 035 | |a (Sirsi) 333617 | ||
| 040 | |a UIAM |b eng | ||
| 041 | 0 | |a eng | |
| 043 | |a a-my--- | ||
| 050 | 0 | 0 | |a HB1054.6.A3 |
| 100 | 0 | |a Szariannie binti Sulaiman |9 87238 | |
| 245 | 1 | 2 | |a A General analysis of Malaysian women's fertility trends : |b factors and demographic implications / |c by Szariannie binti Sulaiman |
| 260 | |a Gombak, Selangor Darul Ehsan : |b Kulliyyah of Islamic Revealed Knowledge, International Islamic University Malaysia, |c 2005 | ||
| 300 | |a xv, 134 leaves : |b ill. ; |c 30 cm. | ||
| 336 | |2 rdacontent | ||
| 337 | |2 rdamedia | ||
| 338 | |2 rdacarrier | ||
| 500 | |a "A theis submitted in partial fulfilment of the requirement for the Degree of Master of Human Sciences in Sociology and Anthropology." -- On t.p | ||
| 500 | |a Abstracts in English and Arabic. | ||
| 502 | |a Thesis (M.A) -- International Islamic University Malaysia, 2005. | ||
| 504 | |a Includes bibliographical references (leaves 110-114). | ||
| 530 | |a Also available on 3 1/2 in. computer magnetic disk-converted into 4 3/4 in. computer disc. | ||
| 650 | 0 | |a Fertility, Human |z Malaysia |9 85914 | |
| 650 | 0 | |a Birth control |z Malaysia |9 70623 | |
| 650 | 0 | |a Age distribution (Demography) |z Malaysia |9 87239 | |
| 650 | 0 | |a Ethnology |z Malaysia |9 87240 | |
| 650 | 0 | |a Women |x Education |z Malaysia |9 87241 | |
| 651 | 0 | |a Malaysia |x Population |9 87242 | |
| 655 | 0 | 7 | |a Theses, IIUM local |
| 690 | 0 | |a Dissertations, Academic |x Department of Sociology and Anthropology |z IIUM |9 2431 | |
| 710 | 2 | |a International Islamic University Malaysia. |b Department of Sociology and Anthropology |9 2434 | |
| 730 | 0 | |a General analysis of Malaysian women's fertility trends : factors and demographic implications, A-. (Computer file) |9 87243 | |
| 900 | |a hj-his-naw | ||
| 942 | |2 lcc |n 0 | ||
| 999 | |c 433625 |d 465189 | ||
| 952 | |0 0 |6 T HB 001054.6 A3S996G 2005 |7 0 |8 THESES |9 753608 |a IIUM |b IIUM |c MULTIMEDIA |g 0.00 |o t HB1054.6A3S996G 2005 |p 00011274947 |r 2017-10-19 |t 2 |v 0.00 |y THESIS | ||
| 952 | |0 0 |6 LU T HB1054.6A3S996G 2005 |7 0 |8 THESES |9 756382 |a IIUM |b IIUM |c CLOSEACCES |g 0.00 |o lu t HB1054.6A3S996G 2005 |p 00000996600 |r 2017-10-25 |t 1 |v 0.00 |y THESIS | ||
| 952 | |0 0 |6 TS CDF HB1054.6A3S996G 2005 |7 0 |8 THESES |9 821430 |a IIUM |b IIUM |c MULTIMEDIA |g 0.00 |o ts cdf HB1054.6A3S996G 2005 |p 00001018018 |r 2017-10-26 |t 1 |v 0.00 |y THESISDIG | ||
